000 02791cam a22001934a 4500
005 20250605164328.0
008 250528s ||||||||||||||||||||||||d
035 _a23121
020 _a9608811201
040 _aGR-AtMCL
_bgre
_dGR-AtMCL
_eAACR2
245 1 _aΔιδακτική Μεθοδολογία στην Ειδική Αγωγή
260 _bΆνθρωπος,
_c2016
300 _a416
520 _aΣτο πόνημα αυτό ο συγγραφέας χρησιμοποιεί τον κριτικό αυτοέλεγχο ως τρόπο διαμόρφωσης του επιστημονικού του λόγου, συναρτώντας τις επιστημολογικές και επιστημονικές απαρχές του λόγου αυτού με τα ευρήματα της επιστημονικής έρευνας. Η Γνωστική Εξέλιξη του Νοητικά Καθυστερημένου Παιδιού και οι Λογικομαθηματικές Έννοιες, Όρια και Δυνατότητες και Περιορισμοί, Νοητική Καθυστέρηση και Ταξινόμηση των Νοητικά Καθυστερημένων Παιδιών, Εισαγωγή του Νοητικά Καθυστερημένου Παιδιού στις Λογικομαθηματικές Έννοιες και το Πρόβλημα της Συγκρισιμότητας Κανονικής και Ελλειμματικής Γνωστικής Εξέλιξης, Το Πρόβλημα της Αγωγής και Εκπαίδευσης του Νοητικά Καθυστερημένου Παιδιού, Θεωρητικές Παιδαγωγικές Προσεγγίσεις, Το Πρόβλημα της Επεξεργασίας μιας Θεωρίας της Παιδείας για την Αγωγή και Εκπαιδευση των Νοητικά Καθυστερημένων Παιδιών, Η Προβληματική της Δόμησης Ενός Θεωρητικού Μοντέλου Παιδαγωγικής Πράξης στην Εκπαίδευση του Νοητικά Καθυστερημένου Παιδιού, Βασικά Ψυχοπαιδαγωγικά Αξιώματα και Γενικές Διδακτικές Αρχές Αγωγής και Εκπαίδευσης των Νοητικά Καθυστερημένων Παιδιών, Διδακτική Μεθοδολογία Εισαγωγής του Νοητικά Καθυστερημένου Παιδιού στις Λογικομαθηματικές Έννοιες, Λειτουργική Δόμηση των Λογικομαθηματικών Εννοιών.
700 1 _aΣταύρου Λάμπρος Σ
_98685
942 _cBK
999 _c8151
_d8151